000 00586nam a22002052 4500
001 0000011738
005 20140825164431.0
008 080508s1990 enk b 001 0 eng d
020 _a0716204665
040 _aPUL
100 1 _aForrester, duncan B.
245 1 4 _aThe theology and practice /
_cDuncan B.Forrester.
260 _aNew York :
_bEPWORTH PRESS,
_c1990.
300 _a130 p. ;
_c22 cm.
500 _aIncludes index.
504 _aBibliographical footnotes.
650 0 _aChristian and politics
_xReligious aspects.
908 _a080508
050 _aBR115.P7
_bF67 1988
999 _c11206
_d11206